000 00728cam a22002413a 4500
001 3010
003 PGUSA
005 20140828083024.0
008 020101s2002||||xxu|||||s|||||000 | eng d
040 _aPGUSA
_beng
042 _adc
050 4 _aPQ
100 1 _aBursey, John
245 1 4 _aThe Vicomte de Bragelonne :
_bThe End and Beginning of an Era
_h[electronic resource] /
_cJohn Bursey
260 _bProject Gutenberg,
_c2002
506 _aPublic domain in the USA.
516 _aElectronic text
653 _aDumas, Alexandre, 1802-1870. Vicomte de Bragelonne
740 0 _aProject Gutenberg Dumas Commentary
830 0 _aProject Gutenberg
_v3010
856 4 0 _uhttp://www.gutenberg.org/ebooks/3010
942 _cEB
999 _c232340
_d232340